Coupes du Monde de Football: Ecosse - Statistiques

Statistiques générales
  • Ce quiz a été pris 103 fois
  • Le résultat moyen est 13 sur 18
Statistiques - réponses
Réponse % Correct
France
97%
Brésil
93%
RFA
87%
Uruguay
85%
Suède
83%
Maroc
82%
URSS
82%
Pays-Bas
79%
Norvège
77%
Pérou
72%
Autriche
70%
Yougoslavie
69%
Paraguay
67%
Danemark
66%
Nouvelle-Zélande
60%
Costa Rica
59%
Iran
57%
Zaïre
47%
Aucun quiz correspondant
Distribution des résultats
% des personnes avec chaque résultat
Percentile par nombre de réponses
Votre historique - résultats
Vous n’avez pas pris ce quiz